Integración curricular de las nuevas tecnologías
Gardado en:
| Main Authors: | , , |
|---|---|
| Formato: | Libro |
| Idioma: | Lingua castelá |
| Publicado: |
Barcelona
Ariel
2000
|
| Series: | Ariel Practicum
|
| Subjects: | |
| Tags: |
Engadir etiqueta
Sen Etiquetas, Sexa o primeiro en etiquetar este rexistro!
|
MARC
| LEADER | 00000nam a2200000 a 4500 | ||
|---|---|---|---|
| 001 | UCO7052 | ||
| 003 | CL-VaPUC | ||
| 008 | 001110e20000000SP |||||||||||||||||spa|d | ||
| 082 | 0 | 4 | |a 375 |b REP |2 21 |
| 100 | 0 | |a Reparaz, Charo |e author |9 451688 | |
| 700 | 0 | |a Sobrino, Angel |e author |9 451689 | |
| 700 | 0 | |a Mir, José Ignacio |e author |9 451690 | |
| 245 | 1 | 0 | |a Integración curricular de las nuevas tecnologías |
| 300 | |a 165 p | ||
| 942 | |c BK | ||
| 945 | |d 20001110 00:00:00 |a rbrito | ||
| 260 | |a Barcelona |b Ariel |c 2000 | ||
| 650 | 0 | |a Currículo |9 307290 | |
| 650 | 0 | |a Desarrollo curricular |9 365285 | |
| 650 | 0 | |a Educación básica |9 224933 | |
| 650 | 7 | |a COMPUTACION |2 CL-VaPUC |9 350582 | |
| 583 | |a last modification |c 20001110 00:00:00 |k Rodrigo Vera | ||
| 490 | 0 | |a Ariel Practicum | |
| 999 | |c 292267 |d 292265 | ||
| 952 | |0 0 |1 0 |4 0 |6 375_000000000000000_REP_2000 |7 0 |8 A |9 343008 |a BIBEDU |b BIBEDU |d 2019-11-20 |i 3648893 |o 375 REP 2000 |p 3648893 |r 2019-11-20 |w 2019-11-20 |y BK |k BME | ||
| 952 | |0 0 |1 0 |4 0 |6 375_000000000000000_REP_2000 |7 0 |8 A |9 343009 |a BIBEDU |b BIBEDU |d 2019-11-20 |i 3657779 |o 375 REP 2000 |p 3657779 |r 2019-11-20 |w 2019-11-20 |y BK |k EPE | ||
| 952 | |0 0 |1 0 |4 0 |6 375_000000000000000_REP_2000 |7 0 |8 A |9 343010 |a BIBEDU |b BIBEDU |d 2019-11-20 |i 3751635 |o 375 REP 2000 |p 3751635 |r 2019-11-20 |w 2019-11-20 |y BK |k EDU | ||
| 952 | |0 0 |1 0 |4 0 |6 375_000000000000000_REP_2000 |7 0 |8 A |9 343011 |a BIBEDU |b BIBEDU |d 2019-11-20 |i 383302K |o 375 REP 2000 |p 383302K |r 2019-11-20 |w 2019-11-20 |y BK |k EDU | ||